ბათუმის შოთა რუსთაველის სახელმწიფო უნივერსიტეტის ბიბლიოთეკა

სასოფლო-სამეურნეო ტერმინთა განმარტებითი ლექსიკონი (ბიბ.ჩანაწერი № 50772)

000 -LEADER
fixed length control field 00829nam a2200229Ia 4500
001 - CONTROL NUMBER
control field 17724
003 - CONTROL NUMBER IDENTIFIER
control field GE_BSU
008 - FIXED-LENGTH DATA ELEMENTS--GENERAL INFORMATION
fixed length control field 181216s||||||||xx |||||||||||||| ||und||
020 ## - INTERNATIONAL STANDARD BOOK NUMBER
International Standard Book Number 9789941938825
040 ## - CATALOGING SOURCE
Transcribing agency GE_BSU
080 ## - UNIVERSAL DECIMAL CLASSIFICATION NUMBER
Universal Decimal Classification number 63(038)
100 ## - MAIN ENTRY--PERSONAL NAME
Personal name კოპალიანი, ლ.
245 ## - TITLE STATEMENT
Title სასოფლო-სამეურნეო ტერმინთა განმარტებითი ლექსიკონი
245 ## - TITLE STATEMENT
Statement of responsibility, etc. რედ.:გეწაძე. გ.
260 ## - PUBLICATION, DISTRIBUTION, ETC.
Place of publication, distribution, etc. ქუთაისი
260 ## - PUBLICATION, DISTRIBUTION, ETC.
Name of publisher, distributor, etc. ხომლი-ენ
260 ## - PUBLICATION, DISTRIBUTION, ETC.
Date of publication, distribution, etc. 2014
300 ## - PHYSICAL DESCRIPTION
Extent 94 გვ.;20სმ.
300 ## - PHYSICAL DESCRIPTION
Accompanying material ბიბლ.გვ.94
653 ## - INDEX TERM--UNCONTROLLED
Uncontrolled term სასოფლო-სამეურნეო ტერმინთა განმარტებითი ლექსიკონი
942 ## - ADDED ENTRY ELEMENTS (KOHA)
Koha item type წიგნი
ეგზემპლარები
Withdrawn status Lost status Damaged status Not for loan Date acquired Barcode Date last seen Price effective from Koha item type
        2018-12-17 41582 2018-12-17 2018-12-17 წიგნი